Becoming a man : half a life story /

Guardat en:
Dades bibliogràfiques
Autor principal: Monette, Paul
Format: Llibre
Idioma:anglès
Publicat: London : Abacus, 1994
Etiquetes: Afegir etiqueta
Sense etiquetes, Sigues el primer a etiquetar aquest registre!

MARC

LEADER 00000nam a22000007i 4500
001 IT\ICCU\UBO\4065539
003 ItRI
005 20260115231816.0
008 140314s1994 xxk|||||| ||||| |||||c
020 |a 0349105499 
040 |b ita  |c importazione bologna sebina 
041 7 |a eng  |2 ISO-639-2 
100 1 |a Monette, Paul  |0 IT\ICCU\CFIV\026694 
240 1 0 |a Becoming a man : half a life story  |3 IT\ICCU\UBO\4066374  |9 Monette, Paul 
245 1 0 |a Becoming a man :  |b half a life story /  |c Paul Monette. 
260 |a London :  |b Abacus,  |c 1994 
300 |a 278 p. ;  |c 19 cm 
942 |2 ddc  |c BK  |n 0 
952 |0 0  |1 0  |4 0  |6 DOC_306_766000000000000_MON  |7 0  |9 13151  |a BO  |b BO  |d 2026-01-15  |i 17425  |l 0  |o DOC 306.766 MON  |p BO17425  |r 2026-01-15 23:18:16  |w 2026-01-15  |x [Sebina 5] [1 v.]  |y BK  |z 1 v. 
999 |c 11278  |d 11278